| 000 | 01248cad a22002655a 4500 | ||
|---|---|---|---|
| 001 | L160112 | ||
| 008 | 100611s2009 xxk f 000 0 eng d | ||
| 035 | _a(Sirsi) u160112 | ||
| 041 | 0 | _aeng | |
| 110 | 2 | _aFederation International Des Geometres | |
| 111 | 2 |
_aFIG Regional Conference _bHanoi, Vietnam _d19-22 October 2009 |
|
| 245 | 0 | 0 |
_aSpatial planning and climate change adaption in coastal regions _bThe case of Vietnam _h[electronic resource] |
| 260 |
_aHanoi _bFIG _c2009 |
||
| 520 | _aExplores the potential impacts of climate change and the vulnerability of the coast of Vietnam based upon geodetic information and the present coastal development. It then discusses how sustainable spatial planning approaches could be used to reduce vulnerability to climate change and ensure sustainable coastal adaptation of Vietnam?s coastal zone. | ||
| 521 | _aAdvanced | ||
| 590 | _aKA | ||
| 650 | 2 | 4 | _aSPATIAL PLANNING |
| 650 | 2 | 4 | _aCLIMATE CHANGE |
| 650 | 2 | 4 | _aCOASTAL ZONE MANAGEMENT |
| 651 | 4 | _aInternational | |
| 690 |
_aHydrography _96245 |
||
| 700 | 1 | _aBoateng, Isaac | |
| 856 | 4 | 0 |
_uhttps://www.rics.org/Global/Downloads/RICS_FIG_Spatial_Planning_and_Climate_Change.pdf _zView the paper free of charge at www.rics.org |
| 942 | _n0 | ||
| 999 |
_c116227 _d116227 |
||